Catálogo
 En Linea

Das zweite Paradies; : (Registro nro. 18683)

Detalles MARC
000 -CABECERA
campo de control de longitud fija 00534cam a22001931 4500
001 - NÚMERO DE CONTROL
campo de control 000019165
005 - FECHA Y HORA DE LA ÚLTIMA TRANSACCIÓN
campo de control 20200929165934.0
008 - DATOS DE LONGITUD FIJA--INFORMACIÓN GENERAL
campo de control de longitud fija 730716s1968 gw 000 1 ger
010 ## - NÚMERO DE CONTROL DE LA BIBLIOTECA DEL CONGRESO
Número de control de LC 70355552
035 ## - NÚMERO DE CONTROL DEL SISTEMA
Número de control de sistema (OCoLC)656385
040 ## - FUENTE DE LA CATALOGACIÓN
Centro catalogador/agencia de origen DO-SdBNP
Centro/agencia transcriptor OClU
Centro/agencia modificador OCoLC
-- DLC
042 ## - CÓDIGO DE AUTENTICACIÓN
Código de autenticación premarc
050 00 - SIGNATURA TOPOGRÁFICA DE LA BIBLIOTECA DEL CONGRESO
Número de clasificación PT2664.O53
Número de documento/Ítem Z43
100 1# - ENTRADA PRINCIPAL--NOMBRE DE PERSONA
Nombre de persona Domin, Hilde.
9 (RLIN) 40512
245 14 - MENCIÓN DE TÍTULO
Título Das zweite Paradies; :
Resto del título Roman in Segmenten.
260 ## - PUBLICACIÓN, DISTRIBUCIÓN, ETC.
Lugar de publicación, distribución, etc. Munchen, :
Nombre del editor, distribuidor, etc. R. Piper,
Fecha de publicación, distribución, etc. [1968].
300 ## - DESCRIPCIÓN FÍSICA
Extensión 199 p. ;
Dimensiones 20 cm.
910 ## - DATOS DE OPCIÓN DEL USUARIO (OCLC)
Datos de opción del usuario Catalogación derivada / LC
Existencias
Estado de retiro Estado de pérdida Restricciones de uso No para préstamo Código de colección Localización permanente Ubicación/localización actual Ubicación en estantería Fecha de adquisición Número de inventario Total de préstamos Signatura topográfica completa Código de barras Fecha visto por última vez Precio válido a partir de Tipo de ítem Koha
      Excluido de préstamo Monografías: Libros y Folletos General General Depósito 27.05.2010 LF1   19165-10 25.06.2020 25.06.2020 No se presta

Con tecnología Koha